WWE Royal Rumble - Qui a éliminé Kofi Kingston ? - Statistiques

Statistiques générales
  • Ce quiz a été pris 176 fois
  • Le résultat moyen est 9 sur 15
Statistiques - réponses
Rumble Éliminé par % Correct
2020 Brock Lesnar
86%
2011 Randy Orton
83%
2010 John Cena
82%
2014 Roman Reigns
82%
2017 Cesaro et Sheamus
73%
2012 Sheamus
73%
2013 Cody Rhodes
62%
2019 Drew McIntyre
60%
2016 Chris Jericho
55%
2023 Gunther
55%
2024 Gunther
55%
2022 Kevin Owens
48%
2015 Rusev
38%
2018 Andrade "Cien" Almas
34%
2009 The Brian Kendrick
18%
Aucun quiz correspondant
Distribution des résultats
% des personnes avec chaque résultat
Percentile par nombre de réponses
Votre historique - résultats
Vous n’avez pas pris ce quiz